University Home | Library Home | Institutional Repository

Industrial relations handbook ... (Record no. 120265)

MARC details
000 -LEADER
fixed length control field 00689cam1a220022900 4500
001 - CONTROL NUMBER
control field tmp15755806
003 - CONTROL NUMBER IDENTIFIER
control field UPRA
005 - DATE AND TIME OF LATEST TRANSACTION
control field 20190821150533.0
008 - FIXED-LENGTH DATA ELEMENTS--GENERAL INFORMATION
fixed length control field 951020s1967 enk f eng u
035 ## - SYSTEM CONTROL NUMBER
System control number (Sirsi) r92492
035 ## - SYSTEM CONTROL NUMBER
System control number (UPRA)tmp15755806
040 ## - CATALOGING SOURCE
Transcribing agency UPRA
110 1# - MAIN ENTRY--CORPORATE NAME
Subordinate unit Ministry of Labour.
Linkage A42864.1
245 10 - TITLE STATEMENT
Title Industrial relations handbook ...
250 ## - EDITION STATEMENT
Edition statement Rev. ed.
260 ## - PUBLICATION, DISTRIBUTION, ETC.
Place of publication, distribution, etc. London :
Name of publisher, distributor, etc. H.M.S.O.,
Date of publication, distribution, etc. 1967.
500 ## - GENERAL NOTE
General note First published in 1961.
650 #0 - SUBJECT ADDED ENTRY--TOPICAL TERM
Topical term or geographic name entry element Industrial relations -- Great Britain.
Geographic subdivision Industrial relations -- Great Britain.
Linkage S15395.1
949 ## - LOCAL PROCESSING INFORMATION (OCLC)
a HD8390
w lcc
i -130130
m MAIN
t BOOK
l ON-SHELF
987 ## - LOCAL ROMANIZATION/CONVERSION HISTORY (OCLC)
Romanization/conversion identifier image : unreadable?

No items available.

© 2026 - The University of Zambia Library - Koha v25.11